000 00548nam a2200181Ia 4500
008 090124s9999 xx 000 0 und d
082 _b32653
100 _aलिमये अरुण
245 _a क्लोरोफॉर्म
250 _a0
260 _bग्रंथाली प्रकाशन
_c1978
300 _a5+199
600 _aलिमये अरुण
630 _a क्लोरोफॉर्म
700 _aलिमये अरुण
730 _a क्लोरोफॉर्म
942 _cBOOK
999 _c98673
_d98673